Statistics for Director / Actor Movies

Click here to take the quiz!

General Stats

  • This quiz has been taken 161 times
    (29 since last reset)
  • The average score is 30 of 56

Answer Stats

% Correct
Quentin Tarantino / Samuel L. JacksonPulp Fiction
85%
Quentin Tarantino / Samuel L. JacksonDjango Unchained
77%
Christopher Nolan / Michael CaineThe Dark Knight
77%
Martin Scorsese / Leonardo DiCaprioThe Wolf of Wall Street
77%
Christopher Nolan / Michael CaineBatman Begins
73%
Martin Scorsese / Robert De NiroGoodfellas
73%
Martin Scorsese / Leonardo DiCaprioShutter Island
73%
Martin Scorsese / Robert De NiroTaxi Driver
73%
Christopher Nolan / Michael CaineThe Dark Knight Rises
73%
Tim Burton / Johnny DeppEdward Scissorhands
69%
Martin Scorsese / Leonardo DiCaprioGangs of New York
69%
Christopher Nolan / Michael CaineInception
69%
Martin Scorsese / Leonardo DiCaprioThe Departed
69%
Wes Anderson / Bill MurrayThe Grand Budapest Hotel
69%
Quentin Tarantino / Samuel L. JacksonInglourious Basterds
65%
Quentin Tarantino / Samuel L. JacksonKill Bill, Vol. 2
65%
Martin Scorsese / Leonardo DiCaprioThe Aviator
65%
Quentin Tarantino / Samuel L. JacksonThe Hateful Eight
65%
Christopher Nolan / Michael CaineInterstellar
62%
Martin Scorsese / Robert De NiroKillers of the Flower Moon
62%
Martin Scorsese / Leonardo DiCaprioKillers of the Flower Moon
62%
Martin Scorsese / Robert De NiroRaging Bull
62%
Tim Burton / Johnny DeppAlice in Wonderland
58%
Martin Scorsese / Robert De NiroCasino
58%
Steven Spielberg / Tom HanksCatch Me If You Can
58%
Christopher Nolan / Michael CaineDunkirk
58%
Wes Anderson / Bill MurrayFantastic Mr. Fox
58%
Quentin Tarantino / Samuel L. JacksonJackie Brown
58%
Steven Spielberg / Tom HanksSaving Private Ryan
58%
Christopher Nolan / Michael CaineTenet
58%
Wes Anderson / Bill MurrayThe French Dispatch
58%
Martin Scorsese / Robert De NiroThe Irishman
58%
Wes Anderson / Bill MurrayThe Life Aquatic with Steve Zissou
58%
Martin Scorsese / Robert De NiroCape Fear
50%
Martin Scorsese / Robert De NiroMean Streets
50%
Christopher Nolan / Michael CaineThe Prestige
50%
Wes Anderson / Bill MurrayIsle of Dogs
46%
Wes Anderson / Bill MurrayMoonrise Kingdom
46%
Wes Anderson / Bill MurrayRushmore
46%
Wes Anderson / Bill MurrayThe Royal Tenenbaums
46%
Steven Spielberg / Tom HanksThe Terminal
46%
Tim Burton / Johnny DeppCharlie and the Chocolate Factory
42%
Tim Burton / Johnny DeppSweeney Todd: The Demon Barber of Fleet Street
42%
Martin Scorsese / Robert De NiroThe King of Comedy
42%
Tim Burton / Johnny DeppCorpse Bride
38%
Wes Anderson / Bill MurrayThe Darjeeling Limited
38%
Tim Burton / Johnny DeppEd Wood
35%
J.J. Abrams / Simon PeggMission: Impossible III
35%
Martin Scorsese / Robert De NiroNew York, New York
35%
J.J. Abrams / Simon PeggStar Trek
35%
Steven Spielberg / Tom HanksBridge of Spies
27%
Tim Burton / Johnny DeppSleepy Hollow
27%
Steven Spielberg / Tom HanksThe Post
23%
Tim Burton / Johnny DeppDark Shadows
19%
J.J. Abrams / Simon PeggStar Wars: The Force Awakens
19%
J.J. Abrams / Simon PeggStar Trek Into Darkness
15%

Score Distribution

Percentile by Number Answered

Percent of People with Each Score

Your Score History

You have not taken this quiz since the last reset